000 00718nam a2200229 u 4500
005 20240831063805.0
008 150903s2010 es r 000 0 spa d
020 _a9788496870307
035 _aUPN01000205600
049 _aI
050 4 _aPZ78
_bI9.4
100 1 _aIzquierdo Jurado, Francisco David,
_d1979-
_938037
245 1 3 _aLa i tiene su punto /
_cFrancisco David Izquierdo Jurado ; il. Silvia Alvarez Castellar.
260 _aMadrid :
_bEdimáter,
_c2010.
300 _a[20] p. :
_bil. col.
440 3 _aLa estrella bailarina ;
_v3.
_pA partir de 4 años
650 4 _aCuentos infantiles españoles
_97725
650 2 _aLetras
_923253
905 _aInfantil
999 _c177701
_d177701